Geometry Dash Main Levels - Statistics

General Stats
  • This quiz has been taken 1,282 times
  • The average score is 20 of 27
Answer Stats
Level Answer % Correct
1 Stereo Madness
97%
2 Back on Track
94%
7 Jumper
90%
12 Theory of Everything
89%
8 Time Machine
88%
14 Clubstep
87%
5 Base After Base
86%
6 Can't Let Go
86%
4 Dry Out
86%
3 Polargeist
86%
10 xStep
86%
11 Clutterfunk
85%
9 Cycles
84%
18 Theory of Everything 2
84%
21 Fingerdash
83%
22 Dash
82%
13 Electroman Adventures
80%
20 Deadlocked
78%
15 Electrodynamix
76%
16 Hexagon Force
74%
17 Blast Processing
71%
19 Geometrical Dominator
70%
Vault The Challenge
46%
Tower 2 The Sewers
38%
Tower 1 The Tower
35%
Tower 3 The Cellar
26%
Tower 4 The Secret Hollow
20%
No matching quizzes found
Score Distribution
Percent of People with Each Score
Percentile by Number Answered
Your Score History
You have not taken this quiz